身長170cm以下の現役選手(2026) - Statistics

General Stats
  • This quiz has been taken 17 times
  • The average score is 11 of 30
Answer Stats
身長 現所属 ポジション Answer % Correct
166 中日 内野手 田中幹也
100%
164 西武 内野手 滝澤夏央
85%
163 広島 内野手 勝田成
77%
167 ヤクルト 投手 石川雅規
77%
170 巨人 捕手 甲斐拓也
69%
170 オリックス 捕手 森友哉
69%
167 日本ハム 投手 山本拓実
62%
167 DeNA 内野手 柴田竜拓
46%
167 日本ハム 内野手 上川畑大悟
46%
167 オリックス 内野手 西野真弘
38%
168 中日 内野手 辻本倫太郎
38%
168 楽天 内野手 小深田大翔
38%
170 ヤクルト 外野手 並木秀尊
38%
166 西武 内野手 児玉亮涼
31%
167 DeNA 内野手 西巻賢二
31%
168 オリックス 捕手 村上喬一朗
31%
169 日本ハム 内野手 大塚瑠晏
31%
169 巨人 投手 西川歩
23%
170 DeNA 投手 東克樹
23%
170 ソフトバンク 捕手 藤田悠太郎
23%
168 ソフトバンク 内野手 江崎歩
15%
170 阪神 投手 伊原陵人
15%
170 ヤクルト 内野手 山野辺翔
15%
170 オリックス 捕手 野上士耀
15%
170 楽天 内野手 平良竜哉
15%
167 ソフトバンク 内野手 西尾歩真
8%
168 巨人 内野手 川原田純平
8%
168 広島 内野手 岸本大希
8%
170 オリックス 外野手 寺本聖一
8%
170 西武 外野手 澤田遥斗
8%
No matching quizzes found
Score Distribution
Percent of People with Each Score
Percentile by Number Answered
Your Score History
You have not taken this quiz